000
00210 a2200097 4500
001
53192
100
_a
Ramazani, P K
245
_a
United States and Iran
260
_a
U S A
_b
Praeger
_c
090
_c
33478
_d
33478
942
_a
NUST-CAE
_c
M
_c
26089
999
_c
288265
_d
288265